000 00563 a2200217 4500
005 20260512164235.0
008 260512b |||||||| |||| 00| 0 eng d
020 _cRs. 25.00
_aX
040 _aMAIN
082 _a294.5563
_bD33D
100 _aDayanand Saraswati, Maharashi
245 _aDayanand laghugranth sangrah
260 _aNew Delhi
_bVedic Prakashan
_c2012
300 _a224
650 _aReligions
650 _aReligions of Indian origins
650 _aHinduism
650 _aArya Samaj
700 _aSaraswati, Jagdishvranand
942 _cBK
999 _c397041
_d397041